| 000 | 01296nam a22002417a 4500 | ||
|---|---|---|---|
| 999 |
_c64184 _d64184 |
||
| 003 | Ge_BSU | ||
| 005 | 20260427122907.0 | ||
| 008 | 260427s2007 ge ||||| |||| 00| 0 geo d | ||
| 020 | _a9994071067 | ||
| 041 | _ageo | ||
| 080 | _a338.22 : 346.26 :342.743 მ-97 | ||
| 245 |
_aმცირე მეწარმის გზამკვლევი : _bგზამკვლევი შედგენილია 2007 წ. 15 თებერვლის მდგომარეობით მოქმედი კანონმდებლობის შესაბამისად / _cსამოქ. საზ. ინ-ტი; [შემდგ.: ია გაბუნია, ლევან ფანიაშვილი]. |
||
| 250 | _a[მე-2 გადამუშ. გამოც.]. | ||
| 264 |
_aთბ., _c2007. |
||
| 300 |
_a95 გვ. : _bცხრ. ; _c25 სმ. |
||
| 501 | _aდანართი: გვ. 76-94. | ||
| 504 | _aბიბლიოგრ.: გვ. 95. | ||
| 653 | _aბიზნესი. | ||
| 653 | _a სამეწარმეო სამართალი. | ||
| 653 | _aსაგადასახადო კოდექსი. | ||
| 700 |
_aგაბუნია, ია _eშემდგენელი _914200 |
||
| 942 |
_2udc _cBK |
||